Quick Pick: Polygons Quiz Stats

 Plays Quiz Updated Jun 18, 2017

Support Sporcle.
Go Orange.
Score 0/10 Timer 01:00
0 Plays Today
% Correct
Triangle
95.8%
Quadrilateral
93.2%
Octagon
92.2%
Hexagon
91.2%
Decagon
89.6%
Pentagon
88.4%
Heptagon
87.4%
Nonagon
86.8%
Dodecagon
82.5%
Hendecagon
75.8%

Today's Daily Dose

Word Ladder
New Dimensions!

Quick Pick
'Animal' Fish

Get the Picture
Bird or Food?

You're not logged in!

Compare scores with friends on all Sporcle quizzes.
OR
Log In
Forgot?

From the Vault

The Big Board: Judaism

by bhenderson79

For the biggest, boardiest experience, play this on a smartboard. Or at least a projector.
Remove Ads.
Support Sporcle.
Get the best of Sporcle when you Go Orange. This ad-free experience offers more features, more stats, and more fun while also helping to support Sporcle. Thank you for becoming a member.

Show Comments

Extras

Top Quizzes Today


Score Distribution

Your Account Isn't Verified!

In order to create a playlist on Sporcle, you need to verify the email address you used during registration. Go to your Sporcle Settings to finish the process.

Report this User

Report this user for behavior that violates our Community Guidelines.

Details: